00217nam a22000737a 4500008004100000082001600041100003100057245005500088240219b |||||||| |||| 00| 0 eng d aC AVET Ej.110aAverbach, Márgaraeautor aTucán aprende una palabra / cMárgara Averbach